|
|
|
|
| LEADER |
00000nam0a2200000 4500 |
| 001 |
105862 |
| 005 |
20231101214633.0 |
| 010 |
|
|
|a 5080017562
|
| 020 |
|
|
|a RU
|b 83-18512
|
| 035 |
|
|
|a (RuTPU)RU\TPU\book\114234
|
| 035 |
|
|
|a RU\TPU\book\110704
|
| 090 |
|
|
|a 105862
|
| 100 |
|
|
|a 20061123d1991 e y0rusy5003 ca
|
| 101 |
0 |
|
|a rus
|
| 102 |
|
|
|a RU
|
| 105 |
|
|
|a y z 000ay
|
| 200 |
1 |
|
|a В людях
|e повесть
|f А. М. Горький
|
| 210 |
|
|
|a Москва
|c Детская литература
|d 1991
|
| 215 |
|
|
|a 336 с.
|
| 225 |
1 |
|
|a Школьная библиотека
|
| 330 |
|
|
|a "В людях" - вторая часть знаменитой трилогии Максима Горького (1868-1936), в которую входят повести "Детство", "В людях" и "Мои университеты". Будущий автор "Песни о буревестнике" откровенно и без прикрас рассказывает о трудностях самостоятельной жизни, начиная с того момента, как оставил родных и отправился на службу к чужим людям. С настоящим эпическим размахом показывает писатель человеческие типы, быт и историю России первой трети XX века. После публикации критики так откликнулись на новое произведение: "Написанная удивительно просто, с какой-то особенною, только М. Горькому свойственной интимностью, эта вещь читается с захватывающим интересом". А один из современников признавался в письме автору: "Сейчас с увлечением читаю вашу повесть... Что там особенно трогает, это изображение женщин. Ведь в наш злой век мы едва не забыли, что если еще держимся, если не обратились в технических зверей, так благодаря жизнесохраняющему чутью наших женщин. У вас это так хорошо, так нежно и глубоко сказано".
|
| 610 |
1 |
|
|a русская литература
|
| 610 |
1 |
|
|a повести
|
| 675 |
|
|
|a Р2
|z rus
|v 3
|
| 700 |
|
1 |
|a Горький
|b М.
|c настоящая фамилия Пешков
|c русский писатель
|c публицист
|f 1868-1936
|g Максим
|2 stltpush
|3 (RuTPU)RU\TPU\pers\1037
|9 460
|
| 801 |
|
0 |
|a RU
|b 63413507
|c 19950704
|g psbo
|
| 801 |
|
1 |
|a RU
|b 63413507
|c 20060914
|g PSBO
|
| 801 |
|
2 |
|a RU
|b 63413507
|c 20180327
|g PSBO
|
| 942 |
|
|
|c BK
|